EMOTIONAL STRESS (Record no. 501)
[ view plain ]
| 000 -LEADER | |
|---|---|
| fixed length control field | 00351nam a2200145Ia 4500 |
| 008 - FIXED-LENGTH DATA ELEMENTS--GENERAL INFORMATION | |
| fixed length control field | 150201s2003 xx 000 0 und d |
| 082 ## - DEWEY DECIMAL CLASSIFICATION NUMBER | |
| Classification number | 610 |
| Item number | E03V |
| 100 ## - MAIN ENTRY--PERSONAL NAME | |
| Personal name | VASUDEVEN,MUDALODU |
| 245 ## - TITLE STATEMENT | |
| Title | EMOTIONAL STRESS |
| 250 ## - EDITION STATEMENT | |
| Edition statement | 1ST |
| 260 ## - PUBLICATION, DISTRIBUTION, ETC. (IMPRINT) | |
| Name of publisher, distributor, etc. | JAYPEE BROTHERS |
| Place of publication, distribution, etc. | DELHI |
| Date of publication, distribution, etc. | 2003 |
| 300 ## - PHYSICAL DESCRIPTION | |
| Extent | 1-420 |
| 650 ## - SUBJECT ADDED ENTRY--TOPICAL TERM | |
| Topical term or geographic name as entry element | MEDICINE AND DIAGNOSIS |
| 942 ## - ADDED ENTRY ELEMENTS (KOHA) | |
| Source of classification or shelving scheme | Dewey Decimal Classification |
| Koha item type | Books |
| Koha issues (borrowed), all copies | 5 |
| Withdrawn status | Lost status | Source of classification or shelving scheme | Damaged status | Not for loan | Collection code | Home library | Current library | Shelving location | Date acquired | Source of acquisition | Cost, normal purchase price | Serial Enumeration / chronology | SGTU | Bill Number | Total Checkouts | Full call number | Barcode | Date last seen | Date last checked out | Bill Date | Koha item type |
|---|---|---|---|---|---|---|---|---|---|---|---|---|---|---|---|---|---|---|---|---|---|
| Dewey Decimal Classification | Not For Loan | MEDICAL | SGT Medical Library | SGT Medical Library | Text Book | 25/02/2010 | U.B.S. DELHI | 395.00 | I | SGTU | 7637 | 3 | 610 E03V | FM2366 | 28/04/2023 | 28/04/2023 | 01/04/2011 | Books | |||
| Dewey Decimal Classification | Not For Loan | MEDICAL | SGT Medical Library | SGT Medical Library | Text Book | 25/02/2010 | U.B.S. DELHI | 395.00 | I | SGTU | 7637 | 1 | 610 E03V | FM2367 | 06/05/2024 | 03/05/2024 | 01/04/2011 | Books | |||
| Dewey Decimal Classification | Not For Loan | MEDICAL | SGT Medical Library | SGT Medical Library | Text Book | 25/02/2010 | U.B.S. DELHI | 395.00 | I | SGTU | 7637 | 3 | 610 E03V | FM2368 | 06/11/2024 | 24/10/2024 | 01/04/2011 | Books |